000 00271nam a2200109Ia 4500
008 220204s9999 xx 000 0 und d
082 _a537.8
_bADA
100 _aAdams, Arlon T
245 0 _aElectromagnetics for engineers
260 _aNew York
_bRonald
_c1971
942 _cBK
999 _c30633
_d30633